Gaming Quiz

Random Gaming or Mario Quiz
Score 0/39 Timer 08:00
0 Plays Today
Paper Mario Boss % Correct
Fake BowserBowser???
95.7%
King of koopasBowser
95.7%
Team of fourKoopa Bros.
87.5%
Army leaderGeneral Guy
82.9%
WitchKammy Koopa
82.9%
DragonHooktail
82.9%
EggJr.Troopa
82.1%
Just boss nameTubba Blubba
82.1%
TutTutankoopa
80.7%
Boss name and organTubba Blubba's heart
80.4%
Queen of shadowsShadow Queen
79.6%
King of the crystalsCrystal King
79.3%
CloudHuff N. Puff
78.9%
Possessed team memberMr.L
77.9%
Female shape shifterMimi
76.8%
Mt. LavalavaLava Piranha
76.4%
Champion of GlitzvilleRawk Hawk
76.4%
X-naut leaderSir Grodus
76.4%
Guy in a capeCount Bleck
75.7%
Shape ShifterDoopliss
75.4%
Paper Mario Boss % Correct
JesterDimentio
75%
Robotic dragonFracktail
72.9%
NerdFrancis
71.8%
He throws youO' Chunks
71.4%
SkeletonCortez
71.1%
X-nautLord Crump
70.7%
Hooktail's brotherGloomtail
70.7%
RobotMagnus Von Grapple
69.6%
True tournament bossMacho Grubba
69.6%
Fought on a trainSmorg
68.9%
Improved robot belonging to Mr.LBrobot L type
68.9%
PartnerLakilester
68.6%
ShadowsShadow sirens
68.2%
Final bossSuper Dimentio
68.2%
New and improved robotMagnus Von Grapple 2.0
63.2%
Ice skeletonBonechill
58.2%
StarsMonstar
57.9%
King flowerKing Croacus
55.7%
Scary shy guyBig Lantern Ghost
52.9%

You're not logged in!

Compare scores with friends on all Sporcle quizzes.
OR
Log In

Sporcle TV

Today on Sporcle TV


Watch our educational content, quiz creation guides, and fun videos on Sporcle TV.

Show Comments

Extras

Top Quizzes Today


Score Distribution

Paid Content

Your Account Isn't Verified!

In order to create a playlist on Sporcle, you need to verify the email address you used during registration. Go to your Sporcle Settings to finish the process.

Report this User

Report this user for behavior that violates our Community Guidelines.

Details: